Statistics for Fast Math - Square that Number! in 30 Seconds

Click here to take the quiz!

General Stats

  • This quiz has been taken 1,526 times
  • The average score is 9 of 20

Answer Stats

ProblemSolution% Correct
10 x 10100
78%
3 x 39
78%
2 x 24
77%
7 x 749
76%
8 x 864
76%
9 x 981
76%
4 x 416
74%
11 x 11121
72%
5 x 525
72%
1 x 11
71%
20 x 20400
68%
12 x 12144
67%
6 x 636
66%
30 x 30900
63%
40 x 401600
62%
50 x 502500
61%
13 x 13169
50%
15 x 15225
50%
14 x 14196
43%
19 x 19361
36%
16 x 16256
34%
25 x 25625
31%
21 x 21441
29%
18 x 18324
26%
28 x 28784
26%
22 x 22484
24%
24 x 24576
24%
17 x 17289
23%
23 x 23529
19%
45 x 452025
18%
27 x 27729
18%
29 x 29841
16%
35 x 351225
15%
26 x 26676
15%

Score Distribution

Percentile by Number Answered

Percent of People with Each Score

Your Score History

You have not taken this quiz